|
|
|
|
| LEADER |
00859nam a2200217 a 4500 |
| 001 |
2113302 |
| 008 |
090827s1997 ne b 001 0 eng d |
| 020 |
|
|
|a 9055890898
|
| 040 |
|
|
|a NBiSU
|c NBiSU
|d NNC
|
| 082 |
0 |
4 |
|a 362.1
|2 21
|
| 100 |
1 |
|
|a Stegeman, Marijke.
|
| 245 |
1 |
0 |
|a Viva crianca :
|b health, nutrition and care of young children in northeastern Brazil /
|c Marijke Stegeman.
|
| 260 |
|
|
|a Amsterdam :
|b Het Spinhuis,
|c 1997.
|
| 300 |
|
|
|a x, 166 p. ;
|c 23 cm.
|
| 504 |
|
|
|a Includes bibliographical references (p. [144]-154) and indexes.
|
| 541 |
1 |
|
|e 00006555
|
| 650 |
|
0 |
|a Child health services
|
| 650 |
|
0 |
|a Child health services
|z Brazil
|
| 852 |
4 |
|
|a Ayesha Abed Library
|j General Shelf.
|
| 999 |
|
|
|c 8297
|d 8297
|
| 952 |
|
|
|0 0
|1 0
|2 ddc
|4 0
|6 362_100000000000000_STE_1997
|7 0
|9 9540
|a BRACUL
|b BRACUL
|c GEN
|d 2010-04-28
|l 0
|o 362.1 STE
|p 3010006555
|r 2010-04-28
|t 1
|w 2010-04-28
|y BK
|